Applications of environmental chemistry (Record no. 6026)

MARC details
000 -LEADER
fixed length control field 00455nam a22001697a 4500
003 - CONTROL NUMBER IDENTIFIER
control field OSt
005 - DATE AND TIME OF LATEST TRANSACTION
control field 20210922154418.0
008 - FIXED-LENGTH DATA ELEMENTS--GENERAL INFORMATION
fixed length control field 210922b |||||||| |||| 00| 0 eng d
020 ## - INTERNATIONAL STANDARD BOOK NUMBER
International Standard Book Number 1-56670-354-9
040 ## - CATALOGING SOURCE
Transcribing agency Hawassa university
050 ## - LIBRARY OF CONGRESS CALL NUMBER
Classification number 577.194/WEI
Item number 3
082 ## - DEWEY DECIMAL CLASSIFICATION NUMBER
Classification number 577.194/WEI
Item number 3
100 ## - MAIN ENTRY--PERSONAL NAME
Personal name Weiner eugene r.
9 (RLIN) 2406
245 ## - TITLE STATEMENT
Title Applications of environmental chemistry
260 ## - PUBLICATION, DISTRIBUTION, ETC.
Name of publisher, distributor, etc. Lewis publishers
Date of publication, distribution, etc. Boca raton london
942 ## - ADDED ENTRY ELEMENTS (KOHA)
Source of classification or shelving scheme Dewey Decimal Classification
Koha item type Books like text book referance book
Suppress in OPAC No
Holdings
Withdrawn status Lost status Source of classification or shelving scheme Damaged status Not for loan Home library Current library Date acquired Total Checkouts Full call number Barcode Date last seen Copy number Price effective from Koha item type
    Dewey Decimal Classification     College of Agriculture Library College of Agriculture Library 09/22/2021   577.194/WEI ALIB0002317 09/22/2021 C 4 09/22/2021 Books like text book referance book
    Dewey Decimal Classification     College of Agriculture Library College of Agriculture Library 09/22/2021   577.194/WEI ALIB0002318 09/22/2021 C 5 09/22/2021 Books like text book referance book
    Dewey Decimal Classification     College of Agriculture Library College of Agriculture Library 09/22/2021   577.194/WEI ALIB0002319 09/22/2021 C 10 09/22/2021 Books like text book referance book